Tous les podcasts de Cyprien - Statistiques

Statistiques générales
  • Ce quiz a été pris 229 fois
  • Le résultat moyen est 30 sur 98
Statistiques - réponses
Hint Réponse % Correct
2013 L'école
75%
2011 Les jeux vidéo
70%
2014 Les réunions
66%
2012 Le Japon
61%
2017 Les réunions 3
60%
2015 L'école 2
59%
2014 Les pubs vs la vie
59%
2014 Les réunions 2
59%
2013 Twitter
59%
2011 Facebook
58%
2020 Les réunions 5
58%
2019 Les réunions 4
57%
2009 Le Mc Donald's
54%
2016 Les pubs vs la vie 2
54%
2021 Les réunions 6
53%
2018 Les pubs vs la vie 3
52%
2012 Le café
51%
2013 Les vieux et la technologie
51%
2011 Les Etats-Unis
50%
2019 Les pubs vs la vie 4
50%
2014 Snapchat
50%
2019 La Roumanie
48%
2016 Le Japon 2
47%
2021 Les pubs vs la vie 5
46%
2022 Les pubs vs la vie 6
46%
2014 Les jeunes et la technologie
45%
2014 Je suis roumain
44%
2012 Les jeux vidéo 2
44%
2014 L'Espagne
44%
2013 Je déteste
43%
2012 La Wii U
43%
2011 Les moustiques
43%
2015 Mon corps
42%
2023 Les pubs vs la vie 7
41%
2014 Les jeux vidéo 3
40%
2011 Les séries
39%
2015 Draw My Life
34%
2013 Le mariage homosexuel
34%
2020 Mon corps 2
34%
2013 Noël
33%
2021 Je déteste 2
32%
2011 Le tennis
31%
2012 Le vol
31%
2011 Les boss
30%
2011 La bouffe
28%
2013 Le style vestimentaire
28%
2011 Un appart à Paris
28%
2016 Pokemon GO
27%
2014 20 choses sur moi
26%
2017 Les vieux et la technologie 2
26%
2012 Les geeks
25%
2012 Le bide
24%
2016 Le dessin
24%
2013 Quand j'étais petit je croyais que
24%
2012 The Walking Dead
24%
2011 La canicule
23%
2011 La SNCF
22%
2020 Le clash des consoles
22%
2018 Les Instagrameuses
21%
2013 Les maniaques de l'hygiène
21%
2011 Les téléphones
21%
2017 Draw My Life 2
20%
2018 Apprendre une langue
19%
2012 C'était mieux avant
19%
2015 Clash des gitans
19%
2020 Le clash des applications
19%
2011 Les choix
19%
2011 Le vélo en ville
19%
2015 Top Chef
19%
2016 Les musées
18%
2016 Le patron de Youtube
16%
2017 Les gens sur internet
16%
2015 Les objets WTF
16%
2016 Etre youtubeur
15%
2023 Le clash des animés
15%
2009 Facebook pour les nuls
14%
2024 Les jeux mobiles
14%
2016 L'invention des animaux
14%
2014 Quand j'étais petit 2
14%
2023 L'adolescence
13%
2022 Le clash des films
13%
2022 Le clash des youtubeurs
13%
2016 Les objets WTF 2
13%
2011 Les pubs sur internet
13%
2018 L'invention du corps humain
12%
2017 Regarder des séries
12%
2016 Expert en séduction
11%
2021 Le clash des plateformes
11%
2017 Si le président était youtubeur
10%
2019 Les Instagrameuses summer edition
9%
2023 Ma vie de papa
9%
2016 Ta tête quand
8%
2019 Les Instagrameuses winter edition
7%
2023 Le mashup des jeux vidéo
6%
2023 Le SAV d'internet
6%
2020 L'invention des créatures mythologiques
6%
2021 Le patron de Youtube vs Tiktok
4%
2020 Les Instagrameuses Le Mariage
4%
Aucun quiz correspondant
Distribution des résultats
% des personnes avec chaque résultat
Percentile par nombre de réponses
Votre historique - résultats
Vous n’avez pas pris ce quiz